[Event "Balkan Youth Online-ch 2020"]
[Site "Online"]
[Date "2020.10.31"]
[Round "7.70"]
[White "Karadas, Hena"]
[Black "Baklova, Mila"]
[Result "1-0"]
[WhiteElo "1191"]
[BlackElo "1226"]
[Annotator "NA RC"]
[PlyCount "53"]
[EventDate "2020.10.31"]
[EventType "swiss"]
[SourceTitle "playchess.com"]
[Source "ChessBase"]
[SourceQuality "1"]

1. e4 e5 2. Nf3 Nc6 3. Bb5 a6 4. Bxc6 dxc6 5. O-O Bd6 6. d4 exd4 7. Qxd4 Be7 8. Qxg7 Bf6 9. Qg3 Ne7 10. e5 Rg8 11. Qf4 Bh8 12. Nc3 Bh3 13. Ng5 Bf5 14. Rd1 Qc8 15. Nge4 Bxe4 16. Nxe4 Nd5 17. Qf3 Bxe5 18. c4 f5 19. cxd5 fxe4 20. Qxe4 cxd5 21. Qxe5+ Kf8 22. Bh6+ Kf7 23. Rd3 Qe6 24. Rf3+ Ke7 25. Qxc7+ Ke8 26. Re3 Qxe3 27. fxe3 1-0

[Event "Balkan Youth Online-ch 2020"]
[Site "Online"]
[Date "2020.10.31"]
[Round "7.72"]
[White "Mitkova, Victoria-Elizabeth"]
[Black "Mihelic, Vesna"]
[Result "1-0"]
[WhiteElo "1105"]
[BlackElo "1872"]
[Annotator "NA RC"]
[PlyCount "81"]
[EventDate "2020.10.31"]
[EventType "swiss"]
[SourceTitle "playchess.com"]
[Source "ChessBase"]
[SourceQuality "1"]

1. e4 e5 2. Nf3 Nc6 3. d4 exd4 4. Nxd4 Nf6 5. Nxc6 bxc6 6. e5 Qe7 7. Qe2 Nd5 8. c4 Nb6 9. b3 a5 10. Ba3 d6 11. exd6 Qxe2+ 12. Bxe2 cxd6 13. Bb2 a4 14. O-O Be6 15. Na3 d5 16. Rfc1 dxc4 17. Nxc4 Nxc4 18. Bxc4 Bxc4 19. Rxc4 axb3 20. Re1+ Kd7 21. Rd1+ Kc7 22. axb3 f6 23. Rdc1 Ra6 24. b4 Rb6 25. Bd4 Rxb4 26. Rxc6+ Kd7 27. Rc7+ Ke6 28. Be3 Be7 29. Rxe7+ Kxe7 30. Bc5+ Ke6 31. Bxb4 Rb8 32. Bd2 Rb2 33. Be3 g6 34. Kf1 f5 35. Rc7 h5 36. Rg7 Rb1+ 37. Ke2 Kf6 38. Bd4+ Kg5 39. h4+ Kxh4 40. Rxg6 f4 41. Bf6# 1-0

[Event "Balkan Youth Online-ch 2020"]
[Site "Online"]
[Date "2020.10.31"]
[Round "7.73"]
[White "Puia, Alexia-Teodora"]
[Black "Shuqja, Klean"]
[Result "1/2-1/2"]
[WhiteElo "1697"]
[BlackElo "1838"]
[Annotator "NA RC"]
[PlyCount "73"]
[EventDate "2020.10.31"]
[EventType "swiss"]
[SourceTitle "playchess.com"]
[Source "ChessBase"]
[SourceQuality "1"]

1. d4 Nf6 2. Bf4 g6 3. e3 Bg7 4. Bd3 d5 5. Nf3 O-O 6. Nbd2 Nbd7 7. Ne5 Nxe5 8. Bxe5 Nd7 9. Bxg7 Kxg7 10. h4 e5 11. dxe5 Nxe5 12. Be2 h5 13. Nf3 Nxf3+ 14. Bxf3 c6 15. Qd2 Qf6 16. O-O-O Bf5 17. Rhg1 Qxh4 18. g3 Qf6 19. g4 hxg4 20. Bxg4 Bxg4 21. Rxg4 Rh8 22. Rf4 Qe5 23. Qe2 Rh5 24. Qg4 Qe6 25. Qf3 Rah8 26. Rb4 b6 27. e4 Rh3 28. exd5 Rxf3 29. dxe6 fxe6 30. Rd7+ Rf7 31. Rbd4 Rhf8 32. R4d6 Rxd7 33. Rxd7+ Rf7 34. Rd6 Rxf2 35. Rxe6 Rf6 36. Re7+ Rf7 37. Re6 1/2-1/2

[Event "Balkan Youth Online-ch 2020"]
[Site "Online"]
[Date "2020.10.31"]
[Round "7.74"]
[White "Ciftci, Zeynep"]
[Black "Spiridon, Anisia"]
[Result "1-0"]
[WhiteElo "1603"]
[BlackElo "1551"]
[Annotator "NA RC"]
[PlyCount "81"]
[EventDate "2020.10.31"]
[EventType "swiss"]
[SourceTitle "playchess.com"]
[Source "ChessBase"]
[SourceQuality "1"]

1. Nf3 Nf6 2. c4 e5 3. Nxe5 d6 4. Nf3 Bg4 5. e3 Nc6 6. Be2 Be7 7. d4 Qd7 8. Nc3 h6 9. h3 Bf5 10. a3 a5 11. b3 Ne4 12. Bb2 b6 13. Bd3 Ng5 14. Nxg5 hxg5 15. Bxf5 Qxf5 16. Qf3 Qxf3 17. gxf3 f5 18. O-O-O g4 19. fxg4 fxg4 20. hxg4 O-O-O 21. f4 g6 22. d5 Nb8 23. Nb5 Rhg8 24. Rh7 Rde8 25. Rdh1 Bd8 26. Bd4 Na6 27. Rf7 Re7 28. Rxe7 Bxe7 29. Rh7 Kd8 30. Rg7 Rxg7 31. Bxg7 Nc5 32. Nd4 Kd7 33. Kc2 Ne4 34. Nc6 Bf6 35. Bxf6 Nxf6 36. g5 Nh5 37. Kd3 Ke8 38. Nd4 Ke7 39. Ne6 Ng3 40. Nxc7 Kd7 41. Na8 1-0

[Event "Balkan Youth Online-ch 2020"]
[Site "Online"]
[Date "2020.10.31"]
[Round "7.75"]
[White "Mosurovic, Milena"]
[Black "Tsakona, Maria"]
[Result "0-1"]
[WhiteElo "1428"]
[BlackElo "1596"]
[Annotator "NA RC"]
[PlyCount "84"]
[EventDate "2020.10.31"]
[EventType "swiss"]
[SourceTitle "playchess.com"]
[Source "ChessBase"]
[SourceQuality "1"]

1. e4 c5 2. Nc3 e6 3. g3 Nc6 4. Bg2 Nf6 5. d3 d5 6. exd5 exd5 7. Nge2 Be7 8. O-O O-O 9. d4 Bg4 10. Be3 Qb6 11. dxc5 Qa6 12. f3 Be6 13. Nf4 d4 14. Nxe6 fxe6 15. Bxd4 Rad8 16. Ne2 e5 17. Bh3 Nxd4 18. Nxd4 Rxd4 19. Qe1 Bxc5 20. Kh1 Qd6 21. c3 Rd2 22. b4 Bb6 23. a4 Rd8 24. a5 Bc7 25. Qe3 Qd3 26. Be6+ Kh8 27. Qxd3 R8xd3 28. Rac1 Re2 29. Bc4 Red2 30. Bxd3 Rxd3 31. Rfd1 Rxf3 32. Kg2 e4 33. Rd4 Re3 34. Kf2 Ng4+ 35. Kg2 Ne5 36. Rf1 Kg8 37. c4 Re2+ 38. Kh3 h5 39. Rf5 Nf3 40. Rxf3 exf3 41. Rd7 f2 42. Rd1 Re1 0-1

[Event "Balkan Youth Online-ch 2020"]
[Site "Online"]
[Date "2020.10.31"]
[Round "7.76"]
[White "Tsekoura, Vaia"]
[Black "Kipik, Feyza"]
[Result "1-0"]
[WhiteElo "1488"]
[BlackElo "1592"]
[Annotator "NA RC"]
[PlyCount "89"]
[EventDate "2020.10.31"]
[EventType "swiss"]
[SourceTitle "playchess.com"]
[Source "ChessBase"]
[SourceQuality "1"]

1. e4 c5 2. Nf3 d6 3. d4 cxd4 4. Nxd4 Nf6 5. Nc3 g6 6. Be2 Bg7 7. Be3 O-O 8. O-O Nc6 9. Nb3 b6 10. f3 Ne5 11. Qd2 Be6 12. Qc1 Bc4 13. f4 Bxe2 14. fxe5 Bxf1 15. exf6 Bxf6 16. Qxf1 Rc8 17. Bd4 Bxd4+ 18. Nxd4 Qd7 19. Nd5 Rc5 20. Qf2 Re8 21. Rf1 f6 22. Qxf6 exf6 23. Nxf6+ Kg7 24. Nxd7 Rc4 25. c3 Rxe4 26. Nb5 Re7 27. Nf6 Rc6 28. Nd4 Rc5 29. Ng4 b5 30. Nf2 a6 31. Nd3 Rc8 32. Nb4 a5 33. Nd5 Re5 34. Nf4 b4 35. cxb4 axb4 36. Nd3 Re4 37. Nb3 Rc2 38. Rd1 Kh6 39. Nd2 Rd4 40. Nf3 Re4 41. Nf2 Re6 42. Nd4 Rxb2 43. Nxe6 Rxa2 44. Nd3 b3 45. Rb1 1-0

[Event "Balkan Youth Online-ch 2020"]
[Site "Online"]
[Date "2020.10.31"]
[Round "7.78"]
[White "Jovanovic, Anja"]
[Black "Chicarosie, Ioana-Bianca"]
[Result "1-0"]
[WhiteElo "1778"]
[BlackElo "1521"]
[Annotator "NA RC"]
[PlyCount "81"]
[EventDate "2020.10.31"]
[EventType "swiss"]
[SourceTitle "playchess.com"]
[Source "ChessBase"]
[SourceQuality "1"]

1. e4 e6 2. d4 d5 3. Nc3 Nf6 4. Bg5 Be7 5. e5 Nfd7 6. Bxe7 Qxe7 7. Bd3 a6 8. Qg4 g6 9. Nf3 c5 10. dxc5 Nxc5 11. O-O Nc6 12. Rfe1 Bd7 13. a3 Na7 14. Bf1 Bc6 15. Nd4 Rc8 16. a4 Nd7 17. a5 O-O 18. h4 Kg7 19. Re3 h6 20. Nce2 h5 21. Qf4 Rh8 22. Rg3 Nb5 23. Rg5 Nc5 24. Ng3 Nxd4 25. Qxd4 f5 26. exf6+ Qxf6 27. Qxc5 Bb5 28. Qxc8 Rxc8 29. Nxh5+ Kf7 30. Nxf6 Kxf6 31. Bxb5 axb5 32. c3 Ra8 33. f4 Ra6 34. b4 b6 35. h5 gxh5 36. Rxh5 bxa5 37. Rxa5 Rb6 38. g4 Kf7 39. f5 exf5 40. Rxf5+ Ke6 41. Kg2 1-0

[Event "Balkan Youth Online-ch 2020"]
[Site "Online"]
[Date "2020.10.31"]
[Round "7.79"]
[White "Zrmanovska, Mihaela"]
[Black "Paroglou, Marianna"]
[Result "0-1"]
[WhiteElo "1300"]
[BlackElo "1436"]
[Annotator "NA RC"]
[PlyCount "108"]
[EventDate "2020.10.31"]
[EventType "swiss"]
[SourceTitle "playchess.com"]
[Source "ChessBase"]
[SourceQuality "1"]

1. e4 e6 2. d4 d5 3. e5 c5 4. c3 Nc6 5. Nf3 Qb6 6. Bd3 cxd4 7. cxd4 Bd7 8. Bc2 Nb4 9. Bb3 Rc8 10. O-O Ne7 11. a3 Nbc6 12. Nc3 Nf5 13. Ne2 Be7 14. Bc2 O-O 15. b4 a5 16. Rb1 axb4 17. axb4 Nxb4 18. Bd2 Rc4 19. Bd3 Ba4 20. Qxa4 Nxd3 21. Qxc4 Qxb1 22. Qc7 Qb5 23. g4 Nh4 24. Nxh4 Bxh4 25. g5 Nb2 26. Nc3 Qd3 27. Be3 Nc4 28. Rd1 Qxc3 29. Rc1 Qd3 30. Re1 b5 31. Qc5 Nxe3 32. Rxe3 Qd2 33. Rf3 Qxg5+ 34. Kf1 Qg4 35. Qc3 Ra8 36. Rh3 Qf4 37. Rf3 Qg4 38. Ke2 h6 39. Qc6 Rf8 40. Qxb5 Qe4+ 41. Re3 Qxd4 42. Qb3 Qc4+ 43. Qxc4 dxc4 44. Re4 Bg5 45. Rxc4 Rd8 46. f4 Be7 47. Rc7 Bf8 48. Rc2 Rd4 49. Ke3 Ra4 50. Kf3 Ra6 51. Rc8 f6 52. exf6 gxf6 53. Rc5 Bxc5 54. Kg3 Kg7 0-1

[Event "Balkan Youth Online-ch 2020"]
[Site "Online"]
[Date "2020.10.31"]
[Round "7.82"]
[White "Kouta, Antonia"]
[Black "Ciolacu, Alessia-Mihaela"]
[Result "0-1"]
[WhiteElo "1714"]
[BlackElo "2052"]
[Annotator "TA"]
[PlyCount "120"]
[EventDate "2020.10.31"]
[EventType "swiss"]
[SourceTitle "playchess.com"]
[Source "ChessBase"]
[SourceQuality "1"]

1. e4 e5 2. Nf3 Nc6 3. Bc4 Nf6 4. d3 h6 5. Bb3 d6 6. c3 g6 7. h3 Bg7 8. Be3 O-O 9. Nbd2 d5 10. Bc5 Re8 11. O-O a6 12. a4 Be6 13. Re1 b6 14. Ba3 Nh5 15. Bc2 Nf4 16. Nf1 Qd7 17. N1h2 Rad8 18. Nd2 dxe4 19. Nxe4 Nxd3 20. Re3 Nf4 21. Qe1 f5 22. Ng3 Qf7 23. Ne2 Nd5 24. Rd3 e4 25. Rdd1 g5 26. Nf1 Qg6 27. b4 g4 28. hxg4 Qxg4 29. Ne3 Nxe3 30. fxe3 Ne5 31. Kh1 Qh5+ 32. Kg1 Ng4 33. Qg3 Qg5 34. Nf4 Bf7 35. Rxd8 Rxd8 36. Rd1 Rxd1+ 37. Bxd1 Bxc3 38. b5 axb5 39. axb5 Be5 40. Bc1 h5 41. Qh3 Bxf4 42. exf4 Qd8 43. Bxg4 hxg4 44. Qh6 Qd1+ 45. Kh2 Qxc1 46. Qg5+ Kf8 47. Qd8+ Kg7 48. Qg5+ Bg6 49. Qe7+ Kg8 50. Qd8+ Kf7 51. Qd7+ Kf6 52. Qd4+ Ke7 53. Qg7+ Bf7 54. Qe5+ Be6 55. Qg7+ Kd8 56. Qf8+ Kd7 57. Qg7+ Kc8 58. Qe5 Qc4 59. Qa1 Kb7 60. Qa6+ Kb8 0-1

[Event "Balkan Youth Online-ch 2020"]
[Site "Online"]
[Date "2020.10.31"]
[Round "7.83"]
[White "Karavitaki, Evaggelia"]
[Black "Elma, Muge"]
[Result "1-0"]
[WhiteElo "1725"]
[BlackElo "1689"]
[Annotator "NA RC"]
[PlyCount "101"]
[EventDate "2020.10.31"]
[EventType "swiss"]
[SourceTitle "playchess.com"]
[Source "ChessBase"]
[SourceQuality "1"]

1. e4 c5 2. Nf3 d6 3. c3 Nf6 4. Be2 Bg4 5. h3 Bh5 6. O-O e6 7. Re1 Be7 8. Qa4+ Nc6 9. e5 Nd5 10. exd6 Bxd6 11. d4 O-O 12. dxc5 Bxc5 13. Qh4 Qxh4 14. Nxh4 Bxe2 15. Rxe2 Rfd8 16. Nf3 Nb6 17. Re1 Rd7 18. Nbd2 Rad8 19. Ne4 Be7 20. Be3 Nc4 21. Rab1 Nxe3 22. Rxe3 Rd1+ 23. Re1 Rxe1+ 24. Rxe1 Na5 25. b3 b5 26. Nd4 b4 27. Ne2 f5 28. N4g3 bxc3 29. Nxc3 Bb4 30. Rd1 Rxd1+ 31. Nxd1 Nc6 32. Ne2 Kf7 33. Ne3 Bc5 34. Nc4 e5 35. Kf1 Ke6 36. Nc3 Nb4 37. a3 Nd3 38. f3 a5 39. Nxa5 Bxa3 40. Nc4 Bb4 41. Nb5 Nc5 42. Nc7+ Kd7 43. Nd5 Bd2 44. Nxd2 Kd6 45. Nc3 Nd3 46. g3 Kc5 47. Ke2 Nc1+ 48. Ke3 g5 49. g4 fxg4 50. hxg4 h6 51. Nce4+ 1-0

[Event "Balkan Youth Online-ch 2020"]
[Site "Online"]
[Date "2020.10.31"]
[Round "7.84"]
[White "Lehaci, Miruna-Daria"]
[Black "Tsampouli, Vasiliki"]
[Result "0-1"]
[WhiteElo "2223"]
[BlackElo "1549"]
[Annotator "TA"]
[PlyCount "86"]
[EventDate "2020.10.31"]
[EventType "swiss"]
[SourceTitle "playchess.com"]
[Source "ChessBase"]
[SourceQuality "1"]

1. e4 e5 2. Nf3 Nc6 3. Bb5 a6 4. Ba4 Nf6 5. d3 b5 6. Bb3 d6 7. O-O Na5 8. Nc3 Nxb3 9. axb3 Be7 10. Nxb5 Bg4 11. Nc3 O-O 12. h3 Be6 13. Be3 h6 14. d4 exd4 15. Nxd4 Bd7 16. Qf3 Nh7 17. Qe2 c5 18. Nf3 f5 19. exf5 Bxf5 20. Rfd1 Qe8 21. Rd2 Qf7 22. Nh2 Nf6 23. Ng4 Nxg4 24. hxg4 Be6 25. Re1 Bf6 26. Ne4 Bxb2 27. Rxd6 Be5 28. Rdd1 Qg6 29. Bxc5 Bxg4 30. Qc4+ Be6 31. Qd3 Rfd8 32. Qe2 Bd5 33. Rd3 Rac8 34. Be7 Rd7 35. Bh4 Bxe4 36. Qxe4 Qxe4 37. Rxe4 Rxd3 38. Rxe5 Rd1+ 39. Kh2 Rxc2 40. Re6 Rd4 41. Bg3 Ra2 42. Rb6 Rd5 43. b4 Rh5+ 0-1

[Event "Balkan Youth Online-ch 2020"]
[Site "Online"]
[Date "2020.10.31"]
[Round "7.86"]
[White "Popovic, Mateja"]
[Black "Anghel, Maria"]
[Result "0-1"]
[WhiteElo "1592"]
[BlackElo "1826"]
[Annotator "NA RC"]
[PlyCount "46"]
[EventDate "2020.10.31"]
[EventType "swiss"]
[SourceTitle "playchess.com"]
[Source "ChessBase"]
[SourceQuality "1"]

1. d4 d5 2. c4 dxc4 3. e4 Nf6 4. Nc3 e5 5. dxe5 Qxd1+ 6. Kxd1 Ng4 7. Ke1 Bc5 8. Nh3 Nxe5 9. Bf4 Nbc6 10. Nd5 Bd6 11. Bxe5 Bxe5 12. Rb1 Bxh3 13. gxh3 O-O-O 14. f4 Bd4 15. Bxc4 Rhe8 16. e5 f6 17. Ke2 fxe5 18. Kf3 exf4 19. Nxf4 Ne5+ 20. Kg3 Nxc4 21. Rhd1 Be5 22. Rxd8+ Rxd8 23. b3 g5 0-1

[Event "Balkan Youth Online-ch 2020"]
[Site "Online"]
[Date "2020.10.31"]
[Round "7.89"]
[White "Obada, Ema"]
[Black "Zeycan, Alara"]
[Result "1-0"]
[WhiteElo "1940"]
[BlackElo "1230"]
[Annotator "RC"]
[PlyCount "61"]
[EventDate "2020.10.31"]
[EventType "swiss"]
[SourceTitle "playchess.com"]
[Source "ChessBase"]
[SourceQuality "1"]

1. e4 e5 2. Nf3 Nc6 3. Bb5 a6 4. Ba4 Bc5 5. O-O d6 6. c3 Nf6 7. d4 exd4 8. cxd4 Ba7 9. d5 b5 10. dxc6 bxa4 11. Qxa4 O-O 12. h3 Re8 13. Nc3 Be6 14. Bg5 h6 15. Bh4 Kh7 16. Qc2 Kh8 17. Qa4 Rg8 18. Nd4 Bc8 19. Nf5 g5 20. Nxh6 gxh4 21. Nxf7+ Kg7 22. Nxd8 Rxd8 23. Nd5 Rg8 24. Nxf6 Kxf6 25. e5+ Kxe5 26. Rfe1+ Kf6 27. Qxh4+ Kg6 28. Re4 Bf5 29. Re7 Rh8 30. Qg3+ Kh5 31. Rg7 1-0

[Event "Balkan Youth Online-ch 2020"]
[Site "Online"]
[Date "2020.10.31"]
[Round "7.90"]
[White "Ergazaki, Eirini"]
[Black "Srdanovic, Jovana"]
[Result "1/2-1/2"]
[WhiteElo "1577"]
[BlackElo "2144"]
[Annotator "TA"]
[PlyCount "50"]
[EventDate "2020.10.31"]
[EventType "swiss"]
[SourceTitle "playchess.com"]
[Source "ChessBase"]
[SourceQuality "1"]

1. e4 c5 2. Nf3 e6 3. d4 cxd4 4. Nxd4 a6 5. c4 Nf6 6. Nc3 d6 7. Be3 Be7 8. Be2 b6 9. f4 Bb7 10. Bf3 Qc7 11. Qe2 Nbd7 12. O-O Rc8 13. b3 O-O 14. Rac1 Rfe8 15. g4 Nc5 16. Bd2 Red8 17. g5 Ne8 18. Kh1 Bf8 19. Rg1 Qb8 20. h4 g6 21. f5 exf5 22. exf5 Bxf3+ 23. Qxf3 Ng7 24. Nd5 Qa8 25. fxg6 fxg6 1/2-1/2

[Event "Balkan Youth Online-ch 2020"]
[Site "Online"]
[Date "2020.10.31"]
[Round "7.91"]
[White "Bucur, Denisa-Andreea"]
[Black "Mihailidou, Magdalini"]
[Result "1-0"]
[WhiteElo "2063"]
[BlackElo "1796"]
[Annotator "TA"]
[PlyCount "73"]
[EventDate "2020.10.31"]
[EventType "swiss"]
[SourceTitle "playchess.com"]
[Source "ChessBase"]
[SourceQuality "1"]

1. d4 d5 2. Nf3 Nf6 3. c4 e6 4. Nc3 c6 5. e3 Nbd7 6. Bd3 dxc4 7. Bxc4 b5 8. Be2 a6 9. O-O Bd6 10. e4 e5 11. Bg5 Qc7 12. d5 Bb7 13. Rc1 c5 14. Qc2 O-O 15. Nh4 h6 16. Be3 Nb6 17. Nf5 c4 18. Nxd6 Qxd6 19. f4 Nbd7 20. a3 exf4 21. Rxf4 Rfe8 22. Rcf1 Re5 23. Bd4 Rg5 24. Qd2 Re8 25. Bd1 Ne5 26. Bc2 Ng6 27. Rxf6 gxf6 28. Rxf6 Qd8 29. Qf2 Rf8 30. Rb6 Nh4 31. g3 Qc7 32. Rxh6 Ng6 33. Kh1 f6 34. h4 Rxg3 35. e5 Kg7 36. Qxg3 Kxh6 37. Qxg6# 1-0

[Event "Balkan Youth Online-ch 2020"]
[Site "Online"]
[Date "2020.10.31"]
[Round "7.92"]
[White "Lupascu, Diana-Elena"]
[Black "Kalyva, Kyriaki"]
[Result "0-1"]
[WhiteElo "1668"]
[BlackElo "1823"]
[Annotator "NA RC"]
[PlyCount "66"]
[EventDate "2020.10.31"]
[EventType "swiss"]
[SourceTitle "playchess.com"]
[Source "ChessBase"]
[SourceQuality "1"]

1. d4 d5 2. Nf3 Nf6 3. g3 e6 4. Bg2 c6 5. O-O Be7 6. c4 dxc4 7. Qc2 b5 8. a4 Bb7 9. Rd1 O-O 10. Ne5 Nd5 11. Na3 a6 12. e4 Nb6 13. a5 N6d7 14. b3 cxb3 15. Qxb3 Nxe5 16. dxe5 Qc7 17. Bb2 c5 18. Rac1 Nc6 19. f4 Rad8 20. f5 Nxe5 21. fxe6 f6 22. Nc2 c4 23. Qa2 Nd3 24. Bd4 Nxc1 25. Rxc1 Rxd4 26. Nxd4 Bc5 27. Rd1 Qe5 28. Qa1 Rd8 29. e7 Rxd4 30. e8=Q+ Qxe8 31. Rxd4 Qe5 32. Kh1 Qxd4 33. Qf1 Bxe4 0-1

[Event "Balkan Youth Online-ch 2020"]
[Site "Online"]
[Date "2020.10.31"]
[Round "7.93"]
[White "Bojovic, Neda"]
[Black "Eftovska, Lea"]
[Result "1/2-1/2"]
[WhiteElo "1316"]
[BlackElo "1587"]
[Annotator "NA RC"]
[PlyCount "102"]
[EventDate "2020.10.31"]
[EventType "swiss"]
[SourceTitle "playchess.com"]
[Source "ChessBase"]
[SourceQuality "1"]

1. d4 Nf6 2. c4 g6 3. Nc3 d6 4. e4 Bg7 5. f3 O-O 6. Bg5 h6 7. Be3 e5 8. d5 Nbd7 9. Nge2 a5 10. a4 Nc5 11. Ng3 Nfd7 12. Ra3 f5 13. Bc1 f4 14. Nge2 Qh4+ 15. g3 fxg3 16. Nxg3 Nf6 17. Nce2 Nh5 18. Kd2 Nxg3 19. Nxg3 Bd7 20. Be2 h5 21. Kc3 Qe7 22. Be3 h4 23. Nf1 c6 24. Rg1 Kh7 25. Bxc5 dxc5 26. Ne3 Rad8 27. Kc2 Bh6 28. Ng4 Bxg4 29. Rxg4 cxd5 30. exd5 Rf4 31. Rg2 Rd4 32. Bd3 Rg8 33. Qg1 Qf6 34. Be4 b6 35. Rc3 Bf4 36. Rg4 Rd2+ 37. Kb1 Rxh2 38. d6 Bg3 39. d7 Qd8 40. Rd3 Kh6 41. Rd6 Re2 42. Ka2 Qe7 43. Qd1 Bf4 44. Rdxg6+ Rxg6 45. Rxg6+ Kh5 46. Qxe2 Qxd7 47. Qg2 Qxa4+ 48. Kb1 Qd1+ 49. Ka2 Qa4+ 50. Kb1 Qd1+ 51. Ka2 Qa4+ 1/2-1/2

[Event "Balkan Youth Online-ch 2020"]
[Site "Online"]
[Date "2020.10.31"]
[Round "7.94"]
[White "Shqau, Olta"]
[Black "Yilmaz, Duygu Sila"]
[Result "0-1"]
[WhiteElo "1373"]
[BlackElo "1408"]
[Annotator "NA RC"]
[PlyCount "82"]
[EventDate "2020.10.31"]
[EventType "swiss"]
[SourceTitle "playchess.com"]
[Source "ChessBase"]
[SourceQuality "1"]

1. d4 d5 2. Nf3 Nf6 3. Bf4 Bf5 4. e3 e6 5. c4 dxc4 6. Bxc4 Bd6 7. Ne5 Bxe5 8. Bxe5 Nc6 9. Bf4 O-O 10. O-O Nd5 11. Bg3 Bg6 12. Nd2 f5 13. f4 Nxe3 14. Bxe6+ Kh8 15. Qe2 Nxf1 16. Rxf1 Nxd4 17. Qc4 Re8 18. Bf7 Bxf7 19. Qxf7 Ne2+ 20. Kh1 Nxg3+ 21. hxg3 Qxd2 22. Qxf5 Rad8 23. a3 Qd3 24. Qxd3 Rxd3 25. Kh2 Rd2 26. b4 Ree2 27. Rg1 Rd3 28. Rc1 c6 29. a4 Rdd2 30. Rg1 Kg8 31. Kh3 Kf7 32. g4 Kf6 33. Kg3 Re3+ 34. Kh4 Rf2 35. f5 Ree2 36. Kg3 Kg5 37. Kh3 Re3+ 38. g3 Ree2 39. Rh1 Rd2 40. a5 a6 41. f6 gxf6 0-1